01941nam a2200241 4500001000800000007000300008008004100011040000800052041000800060100004300068245016500111300002000276520098700296650003001283650006001313650004201373650003301415700004201448700004601490773011501536942003101651999001701682ESSALUDta t2026 pe ||||| |||| 00| 0 spa d aBMG aspa aPérez Cuello, Mónicaeautor952705 aMediastinoscopía modificada con óptica de toracoscopía para el estadiaje invasivo del cáncer de pulmón no microcítico en un hospital de Lima, Perú apáginas 58-62 aEn centros donde no se dispone de videomediastinoscopia (VAM) ni ultrasonido endobronquial (EBUS), la cirugía es esencial para el diagnóstico y estadiaje de Cáncer de pulmón no microcítico (CPNM). Experiencia inicial con mediastinoscopia modificada con óptica de toracoscopia (MMOT) y sus resultados en el estadiaje invasivo del CPNM. Se reporta una serie de seis casos con diagnóstico de CPNM estadio clínico IIb- IIIb sometidos a MMOT en el Hospital Nacional Guillermo Almenara Irigoyen (HNGAI) entre marzo y junio del 2025. Se describe la técnica quirúrgica, características clínicas, hallazgos quirúrgicos y resultados inmediatos. La técnica permitió un adecuado acceso y visualización de las estaciones ganglionares 2R , 4R, 4L y 7 en todos los casos sin registrarse complicaciones en el postoperatorio. Conclusión: la MMOT es una alternativa segura y factible para estadiaje invasivo del mediastino en CPNM en centros sin acceso a VAM o EBUS. aMEDIASTINOSCOPÍA952706 aCARCINOMA DE PULMÓN DE CÉLULAS NO PEQUEÑAS934582 aESTADIFICACIÓN DE NEOPLASIAS936613 aNEOPLASIAS PULMONARES911731 aPalacios León, Joséeautor952707 aTaipe Mallqui, Ricardo Luiseautor9527080 022497922595dLima : IETSIoCITES01tCiencia y Tecnología aplicada a la Salud PúblicawESSALUDx3119-7981 cARTICULOSe2026-06-11zAFC c22524d22524